Obecne państwa z byłymi terytoriami Niemiec. - Statystyki

Ogólne statystyki
  • Ten quiz został rozwiązany 16 razy
  • Średni wynik to 28 z 38
Statystyki odpowiedzi
% Państwo % Poprawnych
100 Białoruś
100%
100 Dania
100%
100 Francja
100%
75 Holandia
100%
100 Norwegia
100%
100 Polska
100%
12 Rosja
100%
90 Ukraina
100%
100 Austria
93%
75 Belgia
93%
100 Czechy
93%
100 Estonia
93%
100 Litwa
93%
100 Łotwa
93%
70 Słowacja
93%
15 Włochy
93%
80 Bośnia i Hercegowina
86%
80 Chorwacja
86%
55 Grecja
86%
75 Serbia
86%
95 Słowenia
86%
25 Macedonia Północna
79%
100 Niemcy
79%
12 Rumunia
79%
35 Węgry
79%
45 Czarnogóra
71%
25 Kosowo
71%
100 Luksemburg/Luxemburg
71%
12 Mołdawia
64%
67 Szwajcaria
64%
100 Namibia
50%
100 Kamerun
36%
100 Tanzania
36%
100 Togo
29%
100 Rwanda
21%
100 Burundi
14%
15 Indonezja
14%
90 Papua Nowa Gwinea
14%
Nie znaleziono quizów pasujących do podanych kryteriów
Rozkład punktacji
Procent ludzi z każdym wynikiem
Percentyl według liczby udzielonych odpowiedzi
Twoja historia wyników
Nie rozwiązałeś tego quizu